1103 1541 1032 1389 1115 1625 1464 1876 1916 1542 1245 1036 1823 1075 1654 1450 1134 1652 1785 1965 1418 1770 1675 1167 1941 1987 1939 1269 1974 1232 1905 1386 1674 1207 1079 1358 1761 1379 1774 1025 1254 1902 1035 1956 1516 1638 1871 1460 1061 1002 1840 1638 1488 1036 1563 1977 1074 1011 1048 1119 1155 1985 1781 1570 1112 1984 1932 1552 1639 1682 1649 1020 1536 1834 2000 1149 1711 1180 1578 1333 1322 1642 1939 1674 1781 1780 1014 1153 1833 1135 1941 1986 1418 1141 1916 1686 1793 1491 1521 BCNSPRNW ULIB Ver.6.0+V

เปลี่ยนเป็นภาษาไทย

Change to English
 แสดงรายละเอียดบรรณานุกรม
  กลับหน้าหลัก

Brief Record : Get Marc (ISO 2709) : E-mail record : QR code < ปิดหน้าต่าง
LEADER : 00000nam 2200000uu 4500
001    13399121846
003     ULIB
008    121212s2550||||th 000 0 tha d
020    ^a9789748182247
060 04 ^aWO297^bว574ก
100 0  ^aวิฑูรย์ อึ้งกิจไพบูลย์
245 10 ^aการใส่หลอดสวนเพื่อฟอกเลือด =^bCentral venous cannulationfor hemodialysis access /^cวิฑูรย์ อึ้งกิจไพบูลย์
246 31 ^aCentral venous cannulation for hemodialysis access
250    ^aพิมพ์ครั้งที่ 1
260    ^aนครนายก :^bภาควิชาศัลยศาสตร์ คณะแพทยศาสตร์มหาวิทยาลัยศรีนครินทรวิโรฒ,^c2550
300    ^a284 หน้า :^bภาพประกอบ ;^c21 ซม.
650  7 ^aการใช้หลอดสวน
650  7 ^aการฟอกเลือด
650  7 ^aการฟอกเลือดด้วยเครื่องไตเทียม
650  7 ^a ฮีโมไดอะลัยซิส
710 2  ^aมหาวิทยาลัยศรีนครินทรวิโรฒ. ^bคณะแพทยศาสตร์.^bภาควิชาศัลยศาสตร์
945    ^p300^l0^i16135
945    ^p300^l0^i14139
945    ^p300^l0^i20579
995    ^aทศพร
999    ^aทศพร เกษรทอง
รายการนี้ยังไม่มีแท็ก
คุณยังไม่ได้ล็อกอิน คุณสามารถมีกิจกรรมร่วมกับเว็บไซต์ได้ แต่ต้องล็อกอินก่อน ::
  ล็อกอิน

รายการสื่อสารสนเทศ

ลำดับที่ ประเภท เลขเรียก/บาร์โค้ด สถานที่ สถานะ
1. วิทยาศาสตร์การแพทย์ และสุขภาพ
วิทยาศาสตร์การแพทย์ และสุขภาพ
WO297 ว574ก ฉ.1 
  Barcode: 16135
ห้องสมุดวิทยาเขตนครสวรรค์
►หนังสือทั่วไป:l:General Books
บนชั้น
2. วิทยาศาสตร์การแพทย์ และสุขภาพ
วิทยาศาสตร์การแพทย์ และสุขภาพ
WO297 ว574ก ฉ.1 
  Barcode: 14139
ห้องสมุดวิทยาเขตนครสวรรค์
►หนังสือทั่วไป:l:General Books
บนชั้น
3. วิทยาศาสตร์การแพทย์ และสุขภาพ
วิทยาศาสตร์การแพทย์ และสุขภาพ
WO297 ว574ก ฉ.3 
  Barcode: 20579
ห้องสมุดวิทยาเขตนครสวรรค์
►หนังสือทั่วไป:l:General Books
บนชั้น

รายการใกล้เคียง
    ผู้แต่ง [วิฑูรย์ อึ้งกิจไพบูลย์]

    หัวเรื่อง [การใช้หลอดสวน]
    หัวเรื่อง [การฟอกเลือด]
    หัวเรื่อง [การฟอกเลือดด้วยเครื่องไตเทียม]
    หัวเรื่อง [ฮีโมไดอะลัยซิส]

BibComment


ยังไม่เคยถูกคอมเมนท์

คอมเมนท์ทรัพยากรรายการนี้
  คอมเมนท์: การใส่หลอดสวนเพื..


 Copyright 2026. Bcnsprnw @Library